Every Cesaro WWE PPV Opponents - Statistics

General Stats
  • This quiz has been taken 88 times
  • The average score is 126 of 160
Answer Stats
Event Wrestler % Correct
Clash of Champions 2016 | Elimination Chamber 2014 | Money in the Bank 2014 | +2 others Sheamus
100%
Money in the Bank 2013 | Money in the Bank 2016 | No Mercy 2017 | +2 others Dean Ambrose
98%
Money in the Bank 2014 | Royal Rumble 2014 | WrestleMania Backlash 2021 Roman Reigns
97%
Hell in a Cell 2021 | No Mercy 2017 | Royal Rumble 2018 | +3 others Seth Rollins
97%
Elimination Chamber 2014 | Money in the Bank 2014 | Royal Rumble 2013 John Cena
95%
Crown Jewel 2018 | Elimination Chamber 2015 | Extreme Rules 2015 | +6 others Kofi Kingston
95%
Elimination Chamber 2021 | Fastlane 2015 | Survivor Series 2013 | +4 others Jey Uso
94%
Elimination Chamber 2015 | Hell in a Cell 2016 | Super ShowDown 2018 Xavier Woods
94%
Crown Jewel 2018 | Elimination Chamber 2015 | Extreme Rules 2015 | +5 others Big E
92%
Greatest Royal Rumble | Money in the Bank 2014 Bray Wyatt
92%
Fastlane 2015 | Survivor Series 2013 | Survivor Series 2016 | +3 others Jimmy Uso
92%
Elimination Chamber 2014 | Money in the Bank 2014 Randy Orton
92%
Elimination Chamber 2013 | Extreme Rules 2016 | Payback 2016 | Royal Rumble 2019 The Miz
92%
TLC 2013 | WrestleMania 30 Big Show
91%
Money in the Bank 2014 Kane
91%
Elimination Chamber 2014 | Elimination Chamber 2021 Daniel Bryan
89%
Extreme Rules 2017 | Great Balls of Fire | Payback 2017 | WrestleMania 33 Jeff Hardy
89%
Elimination Chamber 2021 | Extreme Rules 2016 | Money in the Bank 2016 | SummerSlam 2015 Kevin Owens
89%
Hell in a Cell 2014 | Royal Rumble 2015 Dolph Ziggler
88%
Extreme Rules 2017 | Great Balls of Fire | Greatest Royal Rumble | +2 others Matt Hardy
88%
WrestleMania 35 Rusev
88%
Elimination Chamber 2021 | Extreme Rules 2016 | Money in the Bank 2016 | NXT ArRIVAL Sami Zayn
86%
Extreme Rules 2014 | Money in the Bank 2013 Jack Swagger
83%
Money in the Bank 2014 | Money in the Bank 2016 Alberto Del Rio
80%
Elimination Chamber 2020 | Royal Rumble 2021 | WrestleMania 34 Braun Strowman
80%
Money in the Bank 2013 | Survivor Series 2013 | TLC 2013 Cody Rhodes
80%
Survivor Series 2013 | TLC 2013 Goldust
79%
Survivor Series 2013 | TLC 2013 Rey Mysterio
77%
Elimination Chamber 2015 | Elimination Chamber 2018 Titus O'Neil
76%
WrestleMania 33 Big Cass
74%
Money in the Bank 2016 | Royal Rumble 2017 Chris Jericho
74%
WrestleMania 35 Shinsuke Nakamura
73%
Elimination Chamber 2014 Christian
71%
WrestleMania 33 Enzo Amore
71%
TLC 2013 Ryback
71%
Elimination Chamber 2015 Sin Cara
71%
WrestleMania 33 Karl Anderson
70%
TLC 2017 Kurt Angle
70%
WrestleMania 33 Luke Gallows
70%
Elimination Chamber 2015 Kalisto
68%
WrestleMania 35 Ricochet
68%
Survivor Series 2012 | TLC 2012 R-Truth
68%
Money in the Bank 2013 Wade Barrett
68%
Elimination Chamber 2015 Darren Young
67%
Elimination Chamber 2021 Baron Corbin
61%
Survivor Series 2016 Chad Gable
61%
Extreme Rules 2014 Rob Van Dam
61%
Royal Rumble 2019 Shane McMahon
61%
Royal Rumble 2020 Brock Lesnar
59%
Money in the Bank 2013 Damien Sandow
59%
Battleground 2014 | Survivor Series 2016 Heath Slater
59%
Survivor Series 2016 Jason Jordan
58%
Battleground 2013 Santino Marella
58%
TLC 2013 Curtis Axel
56%
Elimination Chamber 2015 | Hell in a Cell 2013 Diego
56%
Elimination Chamber 2015 | Hell in a Cell 2013 Fernando
56%
Survivor Series 2016 Rhyno
56%
Battleground 2013 The Great Khali
56%
Night of Champions 2012 | Survivor Series 2016 Zack Ryder
56%
Money in the Bank 2013 | Survivor Series 2016 Fandango
55%
Extreme Rules 2019 | WrestleMania 35 Aleister Black
52%
WrestleMania 34 Nicholas
50%
Survivor Series 2016 Tyler Breeze
50%
Elimination Chamber 2018 Apollo Crews
47%
Hell in a Cell 2012 Justin Gabriel
45%
Elimination Chamber 2015 Konnor
44%
Elimination Chamber 2015 Viktor
44%
Fastlane 2017 Jinder Mahal
42%
Survivor Series 2016 Mojo Rawley
33%
Survivor Series 2018 Akam
27%
Survivor Series 2018 Rezar
27%
Survivor Series 2021 Omos
26%
Crown Jewel 2019 | Super ShowDown 2019 Mansoor
20%
NXT UK TakeOver: Cardiff Ilja Dragunov
15%
Royal Rumble 2018 Jason Jordan
15%
No matching quizzes found
Score Distribution
Percent of People with Each Score
Percentile by Number Answered
Your Score History
You have not taken this quiz